American Capitals A-Z - Statistics

General Stats
  • This quiz has been taken 88 times
  • The average score is 11 of 16
Answer Stats
Hint Answer % Correct
B Belmopan|Bogotá|Brasília|Buenos Aires|Basseterre|Bridgetown
94%
C Caracas|Castries
85%
M Mexico City|Managua|Montevideo
85%
A Asunción
83%
G Guatemala City|Georgetown
79%
L Lima|La Paz
79%
Q Quito
75%
S San Salvador|San Jose|Santiago|Sucre|Santo Domingo|Saint John's|Saint George's
75%
P Panama City|Paramaribo|Port-au-Prince|Port of Spain
73%
O Ottawa
65%
H Havana
63%
W Washington
63%
K Kingston|Kingstown
58%
N Nassau
52%
R Roseau
46%
T Tegucigalpa
44%
No matching quizzes found
Score Distribution
Percent of People with Each Score
Percentile by Number Answered
Your Score History
You have not taken this quiz